000 003310000a22001450004500
003 MACL
040 _aMACL
090 _c33304
_d33302
100 _aColumbuss, louis
245 _aLearn Harvard Garphics 3.0 in a Day
260 _bBP B Publications
_c1992
350 _a54
650 _aSpecial Computer
942 _cBOOK
_k005.6/col
999 _c32954
_d32954